| 000 | 01376nas a2200229 454500 | ||
|---|---|---|---|
| 001 | 7060 | ||
| 005 | 20260407193504.0 | ||
| 008 | 260407s1978####ag###########|||spa#d | ||
| 003 | AR-UNSa-BCEJYS | ||
| 040 |
_aAR-UNSa-BCEJYS _bspa _cAR-UNSa-BCEJYS |
||
| 080 |
_a338 _xSituación económica. Política económica. Gestión de la economía. Planificación de la economía. Producción. Servicios. Precios |
||
| 245 | 1 | 0 | _aEstudios |
| 022 | _a0325-6928 | ||
| 264 | 1 |
_aBuenos Aires : _bInstituto de Estudios Económicos sobre la Realidad Argentina y Latinoamericana (IEERAL) _c1978 |
|
| 310 | _aFrecuencia: Mensual Cambia de Dir. a partir del Nº 18 por A. Humberto Petrei Cambia de Dir. a partir del Nº 21 por Domingo F. Cavallo Cambia de Dir. a partir del Nº 23 por Carlos A. Givogri Cambia de Dir. a partir del Nº 24 por Domingo F. Cavallo Cambia de Dir. a partir del Nº 43 por Carlos E. Sánchez Cambia de Dir. a partir del Nº 58 por Carlos A. Givogri Cambia de Dir. a partir del Nº 60 por Horacio Palmieri y Juan Carlos Kusznir Cambia de Dir. a partir del Nº 71 por Guillermo Mondino | ||
| 942 | _cSER | ||
| 590 | _aniveau_biblio:s niveau_hierar:1 | ||
| 100 | 1 | _aCavallo, Domingo Felipe | |
| 650 | _aInvestigación económica | ||
| 650 | _aECONOMIA | ||
| 856 | 4 | 1 |
_uhttps://biblioeco.unsa.edu.ar/pmb/images/revistas/Estudios.jpg _yImagen de portada _qimage/jpeg |
| 999 |
_c8436 _d8436 |
||